[Event "Montreal Mercredi 08"]
[Site "Montreal"]
[Date "2017.09.13"]
[Round "3"]
[White "O'Connor, Michael"]
[Black "Baran, Marius"]
[Result "1-0"]
[WhiteElo "1758"]
[BlackElo "1735"]
[PlyCount "65"]
[EventDate "2017.08.30"]
[EventType "swiss"]
[EventRounds "5"]
[EventCountry "CAN"]
[SourceTitle "EXT 2022"]
[Source "ChessBase"]
[SourceDate "2021.10.06"]
[SourceVersion "1"]
[SourceVersionDate "2021.10.06"]
[SourceQuality "1"]

1. d4 d5 2. Nf3 Nf6 3. c4 e6 4. Bg5 Be7 5. Nc3 Nbd7 6. e3 0-0 7. Qc2 c5 8. dxc5 Nxc5 9. Be2 dxc4 10. Bxc4 a6 11. a4 Qa5 12. 0-0 Bd7 13. Ne5 Rfd8 14. b4 Qxb4 15. a5 Ba4 16. Nxa4 Rd2 17. Qb1 Nxa4 18. Qxb4 Bxb4 19. Rxa4 Bd6 20. Bf4 Rd8 21. Ra2 Bb4 22. Ra4 Bc3 23. Nf3 Rc2 24. Ba2 h6 25. h3 g5 26. Bc7 Rd7 27. Bb6 Rd6 28. Bb1 Rb2 29. Rc4 Nd5 30. Rc8+ Kg7 31. Bc5 Rd7 32. Rc1 Bf6 33. Bf8+ 1-0

[Event "Montreal Mercredi 08"]
[Site "Montreal"]
[Date "2017.09.06"]
[Round "2"]
[White "Baran, Marius"]
[Black "Vignalou, Joseph"]
[Result "1-0"]
[WhiteElo "1735"]
[BlackElo "1805"]
[PlyCount "41"]
[EventDate "2017.08.30"]
[EventType "swiss"]
[EventRounds "5"]
[EventCountry "CAN"]
[SourceTitle "EXT 2022"]
[Source "ChessBase"]
[SourceDate "2021.10.06"]
[SourceVersion "1"]
[SourceVersionDate "2021.10.06"]
[SourceQuality "1"]

1. e4 e5 2. Nf3 Nc6 3. d4 exd4 4. Bc4 Nf6 5. e5 d5 6. Bb5 Ne4 7. Nxd4 Bd7 8. Bxc6 bxc6 9. 0-0 Qh4 10. Be3 Be7 11. f3 Ng5 12. f4 Bg4 13. Qd3 Ne4 14. Nd2 Nxd2 15. Qxd2 Bd7 16. f5 0-0 17. Rae1 Rfd8 18. e6 Be8 19. exf7+ Bxf7 20. Nxc6 Bd6 21. g3 1-0

[Event "Montreal Mercredi 08"]
[Site "Montreal"]
[Date "2017.08.30"]
[Round "1"]
[White "Gates, Claude Eric"]
[Black "Baran, Marius"]
[Result "1/2-1/2"]
[WhiteElo "1796"]
[BlackElo "1735"]
[PlyCount "159"]
[EventDate "2017.08.30"]
[EventType "swiss"]
[EventRounds "5"]
[EventCountry "CAN"]
[SourceTitle "EXT 2022"]
[Source "ChessBase"]
[SourceDate "2021.10.06"]
[SourceVersion "1"]
[SourceVersionDate "2021.10.06"]
[SourceQuality "1"]

1. d4 d5 2. Bf4 Bf5 3. Nf3 Nf6 4. e3 e6 5. c3 Nbd7 6. Nbd2 Be7 7. Be2 Nh5 8. Bg3 Nxg3 9. hxg3 h6 10. Qb3 Qc8 11. c4 dxc4 12. Nxc4 0-0 13. Rc1 c6 14. Bd3 Bxd3 15. Qxd3 Qd8 16. Nce5 Nxe5 17. Nxe5 Qa5+ 18. Ke2 Qxa2 19. Qc2 Qa6+ 20. Kf3 Qb5 21. g4 f5 22. Qc4 Qxc4 23. Rxc4 Bd6 24. Nd3 fxg4+ 25. Kxg4 Rf6 26. f4 Raf8 27. Kf3 g5 28. g3 Kg7 29. Rc2 gxf4 30. gxf4 Rg6 31. Rd2 Rd8 32. Rc2 Rf8 33. Rd2 Rd8 34. Rc2 Kh7 35. Rh5 Rdg8 36. Ne5 Bxe5 37. Rxe5 Rg3+ 38. Ke4 R8g6 39. Kd3 Rh3 40. b4 a6 41. Rf2 h5 42. f5 exf5 43. Rfxf5 Kh6 44. Rf7 Rhg3 45. Ree7 h4 46. Rh7+ Kg5 47. Re5+ Kf6 48. Rxh4 R3g4 49. Rh8 Rg7 50. Rf8+ Kg6 51. Rfe8 Rg5 52. Kc4 Rxe5 53. Rxe5 Kf6 54. Kc5 Rd7 55. Re8 Rd5+ 56. Kc4 Kf7 57. Rb8 Rb5 58. Rh8 Ke6 59. e4 Kd7 60. Rh6 Kc7 61. Rh7+ Kd6 62. e5+ Ke6 63. Rh6+ Ke7 64. Rh1 Ke6 65. Ra1 Rd5 66. Rh1 Rb5 67. Rh8 Kd7 68. Rh6 Ke7 69. Rd6 a5 70. bxa5 Rxa5 71. Rh6 Rb5 72. Rd6 Ra5 73. Rh6 Rb5 74. Rh1 Ke6 75. Ra1 Rb2 76. Ra5 Rb1 77. Kc3 b5 78. Ra8 Rc1+ 79. Kd2 Rc4 80. Kd3 1/2-1/2

[Event "Montreal Mercredi 05"]
[Site "Montreal"]
[Date "2017.05.17"]
[Round "2"]
[White "Gauthier, Luc"]
[Black "Baran, Marius"]
[Result "1/2-1/2"]
[WhiteElo "1772"]
[BlackElo "1828"]
[PlyCount "88"]
[EventDate "2017.05.10"]
[EventType "swiss"]
[EventRounds "5"]
[EventCountry "CAN"]
[SourceTitle "EXT 2022"]
[Source "ChessBase"]
[SourceDate "2021.10.06"]
[SourceVersion "1"]
[SourceVersionDate "2021.10.06"]
[SourceQuality "1"]

1. e4 c5 2. Nc3 g6 3. f4 e6 4. Nf3 Nc6 5. g3 Bg7 6. Bg2 Nge7 7. d3 d6 8. 0-0 0-0 9. Be3 Nd4 10. Qd2 Rb8 11. Nd1 b5 12. c3 Nxf3+ 13. Bxf3 Bb7 14. g4 f5 15. g5 Qc7 16. Qg2 d5 17. e5 d4 18. Bxb7 Qxb7 19. cxd4 cxd4 20. Bxd4 Rfd8 21. Qf2 Nc6 22. Bc5 Rxd3 23. Qe2 Rd7 24. Bd6 Rc8 25. Qf3 Nd4 26. Qxb7 Rxb7 27. Ne3 Rb6 28. Rf2 Rbc6 29. Kg2 Nc2 30. Nxc2 Rxc2 31. Raf1 R2c4 32. Rd2 Bf8 33. Bxf8 Kxf8 34. Kf3 Ke7 35. Rfd1 R8c7 36. Re1 a5 37. Red1 a4 38. Rd8 Rc2 39. R8d2 b4 40. Ke3 R2c4 41. Rd4 b3 42. axb3 axb3 43. Rxc4 Rxc4 44. Rd4 Rc2 1/2-1/2